Tees Valley Line - Statistics

General Stats
  • This quiz has been taken 23 times
  • The average score is 14 of 19
Answer Stats
Station cods Station % Correct
DAR Darlington
100%
MBR Middlesbrough
100%
BIA Bishop Auckland
83%
DND Dinsdale
83%
EAG Eaglescliffe
83%
RBS Redcar British Steel
83%
RCC Redcar Central
83%
SLB Saltburn
83%
TEA Teesside Airport
83%
TBY Thornaby
83%
ALW Allens West
67%
HEI Heighington
67%
MSK Marske
67%
NAY Newton Aycliffe
67%
NRD North Road
67%
RCE Redcar East
67%
SBK South Bank
67%
LGK Longbeck
50%
SHD Shildon
50%
No matching quizzes found
Score Distribution
Percent of People with Each Score
Percentile by Number Answered
Your Score History
You have not taken this quiz